00973nam a2200253 i 4500003000900000005001700009007000300026008004100029040003000070082000700100245019000107264003300297300002700330336002700357337003400384338002800418490001800446500003800464590002700502910001400529942001400543952014500557999001700702DO-SdBNP20231120102011.0ta110413s1987 dr 000 j spa d aDO-SdBNPbspacBNPHUerda 22200aSobre la bienaventurada virgen María :bcarta enciclica Redemptoris mater del sumo pontifice Juan Pablo II, sobre la bienaventurada virgen María en la vida de la iglesia Peregrina / 1aSanto Domingo :bMSC,c1987. a111 páginas c21 cm. 2rdacontentatextobtxt 2rdamediaasin mediación bn 2rdacarrieravolumenbnc1 aDocumentosv5 aIncluye notas a pie de páginas. aInventariado, 2023/ YL aYLockward 2ddccLBS1 00102ddc51708PDaBNPHUbBNPHUcCTd2021-12-16eColegio Nuestra Señora de Lourdesl0oBNPHU PDp2023-7881r2023-11-20w2023-11-20yLBS1 c55523d55523